000 01502nam a2200409 i 4500
001 14877
003 KOSZ 005
005 20191207112304.0
008 071006s1972 pl a f 000 0 pol
015 _aPB 1972/7590
035 _a991037102139705066
035 _a(PL-WaBN)b19954815-48omnis_nlop
035 _ab19954815
035 _a(OCoLC)749712123
035 _a(PL)b0000001995481
035 _a(EXLNZ-48OMNIS_NETWORK)9910317946305606
040 _aWA N
_cWA N
_dKOSZ 005/KK
080 _a631.3
100 1 _aKanafojski, Czesław
_d(1898-1981).
_eAutor
245 1 0 _aTeoria i konstrukcja maszyn rolniczych.
_nT. 2,
_pMaszyny do zbioru ziemiopłodów /
_cCzesław Kanafojski, T. Karwowski.
260 _aWarszawa :
_bPaństwowe Wydawnictwo Rolnicze i Leśne,
_c1972.
300 _a933, [3] strony :
_bilustracje ;
_c23 cm.
336 _2rdacontent
_aTekst
_btxt
337 _2rdamedia
_aBez urządzenia posredniczącego
_bn
338 _2rdacarrier
_aWolumin
_bnc
380 _aKsiążki
388 _a1901-2000
504 _aBibliografia przy rozdziałach.
546 _aSpis treści także w języku angielskim , rosyjskim.
650 7 _aMaszyny i narzędzia rolnicze
_2DBN
655 7 _aPodręczniki akademickie
_2DBN
658 _aRolnictwo i leśnictwo
700 1 _aKarwowski, Tadeusz.
_eAutor.
856 _uhttp://koha.tu.koszalin.pl/cgi-bin/koha/opac-detail.pl?biblionumber=14877
_yKatalog online BPK
942 _2UKD
_cKS
999 _c14877
_d14877